00723nam a2200169 i 450000100060000000300090000600500170001500700030003200800410003510000440007624501840012026000460030430000330035085200320038399900170041595201210043221790ES-MaACL20251011063052.0t|021127s1981 sp ||||1| spa d1 aAlmagro Gorbea, Antonio, d1948-92007510aTres monumentos islámicos restaurados por España en el mundo árabeb: Qusayr' Amra, el Palacio Omeya de Amman, la Zauiya de Sidi Qasim en Túnez / cAntonio Almagro Gorbea. aMadrid : bInstituto de España, c1981. a131 p., 37 lám. ; c23 cm. aES-MaACLjL-6955 bR.106194 c21790d21790 00104070aATENEOMbATENEOMcDEPO2d2008-01-17eSCl0oL-6955p1022397r2023-02-23 00:00:00w2023-02-23yMONOGRAFIA